Attack on titan (BIG SPOILERS AHEAD) - Statistics

General Stats
  • This quiz has been taken 909 times
  • The average score is 11 of 15
Answer Stats
Hint Answer % Correct
Main charcter's Friend Armin
99%
Main Charcter Eren
99%
Main charcter's sister Mikasa
99%
The female titan Annie
92%
The strongest soldier Levi
92%
The armoured titan Reiner
92%
head of the scout regiment Erwin
87%
The main charcter's dad Grish
85%
The main charcter's mother Carla
77%
The one who saves both the main charcter and the main charcter's sister Hannes
68%
Head of garisson Pixis
62%
First to die in the 104th trainees squad Thomas
37%
The only member of the mps to transfer to the scout regiment Marlo
33%
Head of the millitary police Nile
26%
the colossus titan Bertohlt
9%
No matching quizzes found
Score Distribution
Percent of People with Each Score
Percentile by Number Answered
Your Score History
You have not taken this quiz